| 000 | 00810nam a2200181 a 4500 | ||
|---|---|---|---|
| 005 | 20210223121256.0 | ||
| 008 | 991125s1965 gua 000 0 spa u | ||
| 035 | _aUPN01000014847 | ||
| 049 | _aCG | ||
| 050 | 4 |
_aL237 B2 _bD53 |
|
| 110 | 2 |
_aGuatemala. _bMinisterio de Educación. _bOficina de Planeamiento Integral de la Educación |
|
| 245 | 1 | 0 |
_aDiagnóstico de la educación en Guatemala : _bprograma de educación para la República de Guatemala / _cMinisterio de Educación, Oficina de Planeamiento Integral de la Educación. |
| 260 |
_aGuatemala : _bMinisterio de Educación, Oficina de Planeamiento Integral de la Educación, _c1965. |
||
| 300 |
_a57, [10] p. : _bil. |
||
| 650 | 4 |
_aEDUCACION - _zGUATEMALA _99713 |
|
| 650 | 4 |
_aEDUCACION PRIMARIA - _zGUATEMALA - _vPLANES Y PROGRAMAS _918837 |
|
| 905 | _aLibro | ||
| 999 |
_c14847 _d14847 |
||